000
00317nam a2200133Ia 4500
005
20251222155119.0
008
251222s9999||||xx |||||||||||||| ||spa||
082
_a
MIC. 02
100
_a
U.M.San Marcos
245
0
_a
Guia de Practicas de Microbiologia Medica
250
_a
1ra. ed.
264
_b
UNMSM
942
_c
LIB
999
_c
38379
_d
38379